Datum a čas kvízu
35.5
Celkem bodů
Celkový počet nahraných bodů na tomto kvízu bez doplňovacích otázek.
3.
Pořadí na kvízu
Konečné umístění týmu na tomto kvízu.
Zaznamenané odpovědi
| # | Otázka | Odpověď | Body | Výsledky |
|---|---|---|---|---|
| 1. | Česká vláda ve středu přijala... | anticikanismus | 1 | |
| 2. | V pondělí večer došlo k úplném... | přes Severní Ameriku | 1 | |
| 3. | Ve zprávách se minulý týden ob... | Čečensko | 1 | |
| 4. | Minulý týden oznámila italská... | Silvio Berlusconi | 1 | |
| 5. | Ze soboty na neděli se v Las V... | (UFC) 300 | 0 | |
| 6. | V pěti otázkách tohoto tématu... | fyziologický roztok | 1 | |
| 7. | Jaká je denní dávka kuchyňské... | B | 0 | |
| 8. | Po kterém vzácném minerálu se... | po diamantu | 0 | |
| 9. | Jak zní obchodní název takzvan... | Praganda | 0 | |
| 10. | Jeden z nejznámějších a nejsta... | D) Wieliczka | 1 |